000 01604nam a2200457 i 4500
001 10858
003 KOSZ 005
005 20200115082855.0
008 190812s1964 pl a f 001 0 pol
015 _aPB 8974/64
035 _a991043779739705066
035 _a(PL-WaBN)b2184785x-48omnis_nlop
035 _ab2184785x
035 _a(OCoLC)68649318
035 _a(PL)b0000002184785
035 _a(EXLNZ-48OMNIS_NETWORK)9910480189405606
040 _aWA N
_cWA N
_dKOSZ 005/RW
041 1 _apol
_hger
046 _k1961
080 _a517
100 1 _aDoetsch, Gustav.
_eAutor
245 1 0 _aPraktyka przekształcenia Laplace'a /
_cGustav Doetsch ; [tłumaczenie Ryszard B. Hetnarski].
246 1 _iTytuł oryginału:
_aAnleitung zum praktischen Gebrauch der Laplace-Transformation
260 _aWarszawa :
_bPaństwowe Wydawnictwo Naukowe,
_c1964.
300 _a307, [1] stron :
_bilustracje ;
_c22 cm.
336 _aTekst
_btxt
_2rdacontent
337 _aBez urządzenia pośredniczącego
_bn
_2rdamedia
338 _aWolumin
_bnc
_2rdacarrier
380 _aKsiążki
388 _a1901-2000
504 _aIndeks.
650 7 _aZastosowanie i wykorzystanie
658 _aMatematyka
658 _aInżynieria i technika
650 7 _aPrzekształcenie Laplace'a
_2DBN
700 1 _aHetnarski, Richard B
_d(1928- ).
_eTłumaczenie
710 2 _aPaństwowe Wydawnictwo Naukowe
_4pbl
856 _uhttp://koha.tu.koszalin.pl/cgi-bin/koha/opac-detail.pl?biblionumber=10858
_yKatalog online BPK
942 _2UKD
_cKS
999 _c10858
_d10858